000 01199nam a2200301 i 4500
001 11951
003 KOSZ 005
005 20191214090756.0
008 170724s1963 pl a g 001 0 pol
040 _aKOSZ 005/RW
_cKOSZ 005/RW
041 1 _apol
_hrus
080 _a1(091)
245 0 0 _aHistoria filozofii.
_n[T. 4],
_pLata czterdzieste - dziewięćdziesiąte XIX w.
_n[Cz. 1] /
_c[pod red. M. A. Dynnika et al. ; tł. Ruta Światło, Regina Hekker, Witold Wudel].
246 1 _iTyt. oryg.:
_aIstoriâ filosofii
260 _aWarszawa :
_bKsiążka i Wiedza,
_c1963.
300 _a603 s., [19] k. tabl. il. :
_bil. ;
_c25 cm.
380 _aKsiążki
504 _aIndeks.
650 4 _aFilozofia
_y19 w.
650 4 _aFilozofia
_xhistoria.
700 1 _aŚwiatło, Ruta.
_eTł.
700 1 _aHekker, Regina.
_eTłumacz
700 1 _aWudel, Witold.
_eTł.
700 1 _aDynnik, Mihail Aleksandrovič
_d(1896-1971).
_eRedakcja
710 2 _aSpółdzielnia Wydawniczo-Handlowa "Książka i Wiedza"
_4pbl.
856 _uhttp://koha.tu.koszalin.pl/cgi-bin/koha/opac-detail.pl?biblionumber=11951
_yKatalog online BPK
942 _cKS
_2UKD
999 _c11951
_d11951